000 00411nam a22001697a 4500
003 MACL
005 20160116161239.0
008 160116b xxu||||| |||| 00| 0 eng d
040 _cMACL
041 _aEnglish
082 _a823/KAN
100 _aKantha Sharmila
_932966
245 _aA Break In The Circle
260 _aU.S.A
_bHarper Dollins Publishers
_c2010
650 _aStories
_932967
942 _2ddc
_cBK
999 _c52682
_d52682